Turbulence (Record no. 5373)

000 -LEADER
fixed length control field 00511nam a2200205 i 4500
001 - CONTROL NUMBER
control field 5373
003 - CONTROL NUMBER IDENTIFIER
control field BD-DhUET
008 - FIXED-LENGTH DATA ELEMENTS--GENERAL INFORMATION
fixed length control field 750220s1975 nyua b 001 0 eng
020 ## - INTERNATIONAL STANDARD BOOK NUMBER
International Standard Book Number 0070290377
040 ## - CATALOGING SOURCE
Original cataloging agency DLC
Transcribing agency DLC
Modifying agency BD-DhUET
082 00 - DEWEY DECIMAL CLASSIFICATION NUMBER
Classification number 532.56
Item number HIN/1975
100 1# - MAIN ENTRY--PERSONAL NAME
Personal name Hinze, J. O.
245 00 - TITLE STATEMENT
Title Turbulence
250 ## - EDITION STATEMENT
Edition statement 2nd ed.
260 ## - PUBLICATION, DISTRIBUTION, ETC. (IMPRINT)
Place of publication, distribution, etc. New York
Name of publisher, distributor, etc. McGraw-Hill
Date of publication, distribution, etc. 1975
300 ## - PHYSICAL DESCRIPTION
Extent x,790p.
Other physical details ill.
Dimensions 24 cm.
490 0# - SERIES STATEMENT
Series statement McGraw-Hill series in mechanical engineering
650 #0 - SUBJECT ADDED ENTRY--TOPICAL TERM
Topical term or geographic name as entry element Turbulence
942 ## - ADDED ENTRY ELEMENTS (KOHA)
Koha item type General Book
Holdings
Koha item type Shelving location Lost status Copy number Price effective from Koha normalized classification for sorting Withdrawn status Piece designation (barcode) Damaged status Koha issues (times borrowed) Date acquired Location (home branch) Source of classification or shelving scheme Sublocation or collection (holding branch) Not for loan Koha date last borrowed Koha full call number Koha date last seen
General BookCirculation section 12014-11-26532_560000000000000_HIN_1975 63813  2014-11-26Central Library, BUET Central Library, BUET  532.56/HIN/19752014-11-26
General BookCirculation section 22014-11-26532_560000000000000_HIN_1975 63816  2014-11-26Central Library, BUET Central Library, BUET  532.56/HIN/19752014-11-26
General BookCirculation section 32014-12-07532_560000000000000_HIN_1975 44334  2014-12-07Central Library, BUET Central Library, BUET  532.56/HIN/19752014-12-07
General BookCirculation section 42014-12-07532_560000000000000_HIN_1975 63807  2014-12-07Central Library, BUET Central Library, BUET  532.56/HIN/19752014-12-07
General BookCirculation section 52014-12-07532_560000000000000_HIN_1975 63812 12014-12-07Central Library, BUET Central Library, BUET 2015-03-25532.56/HIN/19752015-03-29
General BookCirculation section 62014-12-07532_560000000000000_HIN_1975 63805  2014-12-07Central Library, BUET Central Library, BUET  532.56/HIN/19752014-12-07
General BookCirculation section 72014-12-07532_560000000000000_HIN_1975 63810  2014-12-07Central Library, BUET Central Library, BUET  532.56/HIN/19752014-12-07
General BookCirculation section 82014-12-07532_560000000000000_HIN_1975 63808  2014-12-07Central Library, BUET Central Library, BUET  532.56/HIN/19752014-12-07
General BookCirculation section 92014-12-07532_560000000000000_HIN_1975 63809  2014-12-07Central Library, BUET Central Library, BUET  532.56/HIN/19752014-12-07
General BookCirculation section 102014-12-07532_560000000000000_HIN_1975 63806 12014-12-07Central Library, BUET Central Library, BUET 2022-11-14532.56/HIN/19752023-02-28
General BookCirculation section 112014-12-07532_560000000000000_HIN_1975 63815 12014-12-07Central Library, BUET Central Library, BUET 2015-05-26532.56/HIN/19752015-09-14
General BookCirculation section 122015-03-09532_560000000000000_HIN_1975 39158  2015-03-09Central Library, BUET Central Library, BUET  532.56/HIN/19752015-03-09
Reading ItemReading section 132015-06-07532_560000000000000_HIN_1975 58968  2015-06-07Central Library, BUET Central Library, BUET  532.56/HIN/19752015-06-07
Reading ItemReading section 142015-06-07532_560000000000000_HIN_1975 60653  2015-06-07Central Library, BUET Central Library, BUET  532.56/HIN/19752015-06-07
Reading ItemReading section 152015-06-23532_560000000000000_HIN_1975 52729  2015-06-23Central Library, BUET Central Library, BUET  532.56/HIN/19752015-06-23
General BookCirculation section 162024-11-16532_560000000000000_HIN_1975 63811 11985-06-29Central Library, BUET Central Library, BUET 2024-11-27532.56 HIN/19752024-11-27
General Book   2024-11-16532_560000000000000_HIN_1975    2024-11-16Central Library, BUET Central Library, BUET  532.56 HIN/19752024-11-16
General BookCirculation section 182024-11-16532_560000000000000_HIN_1975 39159  2025-09-03Central Library, BUET Central Library, BUET  532.56 HIN/19752024-11-16